000 00729nam a22002417a 4500
003 UA-OsUOA
001 83967
007 ta
008 20120511b un ||||| |||| 00| 0 ukr d
100 _aБохан В.Г.
090 _a004.9(075.8)
_bБ86
942 _cBK
040 _aUA-OsUOA
_bukr
_cUA-OsUOA
_dUA-OsUOA
245 _aТехнічні засоби справочинства
_bнавч. посіб.
_cза заг. ред. Жуйкова В.Я.
300 _a324 с.
955 _a2
041 _aukr
080 _a004.9(075.8)
020 _a978-966-388-232-1
260 _aК.
_bУн-т "Україна"
_c2009
650 7 _a00 Загальні питання науки і культури
_2UDC
999 _c370275
_d370275